00595 a2200181 450000100060000008200140000609000170002010000180003724500300005525000060008526000480009130000160013952000600015560000600021594200240027599900190029995200950031860121 a958.1 DUP c36932d36932 aDupree, Louis aAfghanistancLouis Dupree a1 aNew JersybPrinceton University Pressc1980 axxiv, 778 p aamir abdur rehman khan, king amanullah, king nadir khan aamir abdur rehman khan, king amanullah, king nadir khan aCAE NUSTk958.1 DUP c295194d295194 001040708NFICaCAEbCAEd2017-04-03l0o958.1 DUPpCAE52906r2017-04-05w2017-04-05yBK